000 00671nam a2200217 4500
999 _c188951
_d188951
005 20220608113604.0
010 _aENG-133117
020 _a978-93-528-0671-3
_c1395.00
035 _aEN-116649
037 _bDBAD/PUB
082 _a378
245 _aHigher Education in Federal Countries:
_bA Comparative Study/
_cedited by Martin Carnoy...[et.al.]
250 _a1st
260 _aNew Delhi
_bSage
_c2018
270 _aB1/I-1 Mohan Cooperative Industrial Area, Mathura Road
_bNew Delhi
_e110044
300 _a478p.
_c22cm(hbk)
700 _aFroumin, Isak
700 _aLeshukov, Oleg
700 _aMarginson, Simon
942 _2ddc
_cEN
_h378
_mHIG